TV Show (A-Z) by Cast Photo II Quiz Stats

 Plays Quiz Updated Jul 2, 2015

Challenge
Share
Tweet
Score 0/26 Timer 08:00
0 Plays Today
% Correct
House, M.D.
96.4%
Orange is the New Black
94.5%
The Addams Family
94.1%
Grey's Anatomy
93.8%
Modern Family
90.9%
Buffy the Vampire Slayer
90.1%
Everybody Loves Raymond
89.6%
Sherlock
85%
Law & Order
83.5%
Xena: Warrior Princess
82.5%
Dexter
80.9%
Nashville
80.6%
Friday Night Lights
80%
% Correct
Pretty Little Liars
76.9%
It's Always Sunny in Philadelphia
73.8%
Cougar Town
72.9%
The Vampire Diaries
72.6%
The Tudors
64.3%
Weeds
61.2%
The Young and the Restless
48.8%
Quincy, M.E.
42.6%
United States of Tara
29%
Revolution
28%
Jericho
25%
Kath and Kim
9.1%
Z Nation
7.2%

You're not logged in!

Compare scores with friends on all Sporcle quizzes.
Join for Free
OR
Log In

You Might Also Like...

Show Comments

Extras

Top Quizzes Today


Score Distribution

Your Account Isn't Verified!

In order to create a playlist on Sporcle, you need to verify the email address you used during registration. Go to your Sporcle Settings to finish the process.

Report this User

Report this user for behavior that violates our Community Guidelines.

Details: